| 000 | 00508cam a22001337a 4500 | ||
|---|---|---|---|
| 008 | 180718b2001 xxu||||| |||| 00| 0 eng d | ||
| 082 | _aAPPPA 2000-01 CHO/10 | ||
| 100 | _aChopra, S.C. | ||
| 245 |
_aDefence planning in India: an optimal approach to provide acredible and affordable defence for India in the 21st century _cby S.C. Chopra |
||
| 260 |
_aNew Delhi _bIndian Institute of Public Administration _c2001 |
||
| 300 | _a170p. | ||
| 650 | _aDefense industries - India | ||
| 650 | _aMilitary policy - India | ||
| 999 |
_c490906 _d490906 |
||